Normal view
MARC view
Entry Personal Name
001 - CONTROL NUMBER
- control field: 11341
003 - CONTROL NUMBER IDENTIFIER
- control field: OSt
005 - DATE AND TIME OF LATEST TRANSACTION
- control field: 20161202193149.0
008 - FIXED-LENGTH DATA ELEMENTS
- fixed length control field: 161202|| aca||aabn | a|a d
040 ## - CATALOGING SOURCE
- Original cataloging agency: OSt
- Transcribing agency: OSt
100 ## - HEADING--PERSONAL NAME
- Personal name: Ohanian, Hans C.; John, T. Markert
670 ## - SOURCE DATA FOUND
- Source citation: Work cat.: (OSt): Ohanian, Hans C.; John, T. Markert, Physics for Engineers and Scientists
